[Event "OpenB - Caen 2011"]
[Site "?"]
[Date "2011.08.16"]
[Round "1.33"]
[White "Germond, Thierry"]
[Black "Bouthier, Jacques"]
[Result "1-0"]
[WhiteElo "1835"]
[BlackElo "1925"]
[PlyCount "47"]
[EventDate "2011.??.??"]
[SourceDate "2011.08.18"]

1. d4 Nf6 2. Nc3 d5 3. Bg5 e6 4. e4 dxe4 5. Nxe4 Be7 6. Bxf6 gxf6 7. Nf3 b6 8.
Bb5+ c6 9. Bd3 f5 10. Ned2 Bb7 11. c3 Nd7 12. Qe2 Qc7 13. Nc4 O-O 14. O-O-O c5
15. Nfe5 cxd4 16. Nxd7 Qxd7 17. Kb1 Bd5 18. Rhg1 f6 19. g4 f4 20. g5 f3 21.
gxf6+ Kh8 22. Rg7 Bxf6 23. Rxd7 fxe2 24. Rxh7+ 1-0

[Event "OpenB - Caen 2011"]
[Site "?"]
[Date "2011.08.17"]
[Round "2.59"]
[White "Bouthier, Jacques"]
[Black "May, Alexandre"]
[Result "0-1"]
[WhiteElo "1925"]
[BlackElo "1832"]
[PlyCount "64"]
[EventDate "2011.??.??"]
[SourceDate "2011.08.18"]

1. e4 e6 2. d4 d5 3. Nc3 Nf6 4. e5 Nfd7 5. f4 c5 6. Nf3 Nc6 7. Be3 cxd4 8. Nxd4
Bc5 9. Qd2 O-O 10. O-O-O a6 11. g4 Nxd4 12. Bxd4 b5 13. f5 Bxd4 14. Qxd4 Qg5+
15. Kb1 exf5 16. Qxd5 Rb8 17. h4 Qe7 18. Rg1 fxg4 19. Rxg4 Nb6 20. Qg2 Bxg4 21.
Qxg4 Qxe5 22. Bd3 h5 23. Qf3 Na4 24. Nxa4 bxa4 25. c3 a3 26. b3 Qh2 27. Bc2 Rb5
28. Qe4 g6 29. Qa4 Qc7 30. Qxa3 Qxc3 31. Qxa6 Ra5 32. Qe2 Rxa2 0-1

[Event "OpenB - Caen 2011"]
[Site "?"]
[Date "2011.08.18"]
[Round "3.71"]
[White "Lyraud, Bernard"]
[Black "Bouthier, Jacques"]
[Result "0-1"]
[WhiteElo "1925"]
[BlackElo "1830"]
[PlyCount "78"]
[SourceDate "2011.08.19"]

1. e4 c5 2. Bc4 Nc6 3. Nf3 g6 4. d3 Bg7 5. O-O e6 6. Nc3 Nge7 7. Bd2 O-O 8. Re1
d5 9. exd5 exd5 10. Bb3 Na5 11. Rxe7 Nxb3 12. axb3 Qxe7 13. Nxd5 Qd6 14. Nc3
Bd7 15. Ne4 Qc7 16. Bc3 f6 17. Nfd2 b5 18. Ra6 f5 19. Bxg7 Kxg7 20. Ng5 Rfe8
21. Ndf3 h6 22. Nh3 Bc6 23. Kf1 Bb7 24. Ra1 g5 25. Nhg1 a6 26. h3 Qd6 27. Qd2
Re6 28. Qc3+ Kg8 29. d4 Rc8 30. Qd3 Be4 31. Qd2 g4 32. hxg4 fxg4 33. Ne1 Qxd4
34. Qxd4 cxd4 35. f3 Bxc2 36. Rc1 d3 37. Ra1 h5 38. fxg4 Rf8+ 39. Ngf3 hxg4 0-1

[Event "OpenB - Caen 2011"]
[Site "?"]
[Date "2011.08.21"]
[Round "4.56"]
[White "Bouthier, Jacques"]
[Black "Malassagne, Raphael"]
[Result "0-1"]
[WhiteElo "1925"]
[BlackElo "1833"]
[PlyCount "62"]
[EventDate "2011.??.??"]

1. e4 d5 2. exd5 Qxd5 3. Nc3 Qa5 4. d4 Nf6 5. Nf3 Bg4 6. Bc4 Nc6 7. O-O O-O-O
8. d5 e6 9. h3 Bh5 10. g4 exd5 11. Bb3 d4 12. Ne2 Nxg4 13. hxg4 Bxg4 14. Ng3
Ne5 15. Bd2 Qb6 16. Nxe5 Bxd1 17. Raxd1 d3 18. cxd3 Bd6 19. Be3 Qb4 20. Nxf7
Qg4 21. Nxd6+ Rxd6 22. Kg2 h5 23. f3 Qg6 24. Kh2 Rxd3 25. Bc2 h4 26. Ne2 Qd6+
27. Bf4 Rxd1 28. Rxd1 Qc5 29. Nd4 Rf8 30. b4 Qe7 31. Bd2 Qd6+ 0-1

[Event "OpenB - Caen 2011"]
[Site "?"]
[Date "2011.08.21"]
[Round "5.64"]
[White "Poulain, Yves"]
[Black "Bouthier, Jacques"]
[Result "1-0"]
[WhiteElo "1840"]
[BlackElo "1925"]
[PlyCount "67"]
[EventDate "2011.??.??"]

1. d4 Nf6 2. Nf3 c5 3. d5 e6 4. c4 b5 5. dxe6 fxe6 6. b3 Be7 7. g3 O-O 8. Bg2
Bb7 9. O-O d6 10. Nbd2 bxc4 11. bxc4 Na6 12. a3 Bc6 13. Bb2 Rb8 14. Qc2 Qe8 15.
Rab1 Nd7 16. Ng5 Bxg5 17. Bxc6 Qc8 18. Bg2 Nb6 19. Ne4 Be7 20. Rfd1 d5 21. cxd5
exd5 22. Nc3 d4 23. Nd5 Qe6 24. Nxb6 Rxb6 25. e3 Bf6 26. exd4 cxd4 27. Bxd4
Rxb1 28. Qxb1 Bxd4 29. Rxd4 Qe2 30. Qf1 Qb2 31. Qc4+ Kh8 32. Rf4 Qxa3 33. Rxf8+
Qxf8 34. Qxa6 1-0

[Event "OpenB - Caen 2011"]
[Site "?"]
[Date "2011.08.22"]
[Round "6.71"]
[White "Bouthier, Jacques"]
[Black "Houette , Stéphane"]
[Result "1/2-1/2"]
[WhiteElo "1925"]
[BlackElo "1855"]
[PlyCount "87"]

1. e4 Nf6 2. e5 Nd5 3. d4 d6 4. c4 Nb6 5. exd6 exd6 6. Nf3 Bg4 7. h3 Bh5 8. Be2
Nc6 9. O-O Be7 10. Nc3 O-O 11. b3 Bf6 12. Be3 Re8 13. Rc1 h6 14. Qd2 Ne7 15. g4
Bg6 16. d5 c6 17. dxc6 bxc6 18. Rfd1 d5 19. cxd5 Bxc3 20. Qxc3 Nbxd5 21. Qb2 f6
22. Bc5 Qc7 23. Nh4 Bh7 24. Bf1 Rad8 25. Qa3 Nc8 26. Ng2 Kh8 27. Rd4 Ndb6 28.
Rcd1 Rxd4 29. Rxd4 Rd8 30. Qb2 Rxd4 31. Qxd4 Qd7 32. Nf4 Qxd4 33. Bxd4 Nd5 34.
Ne6 Bg8 35. Nc5 Nde7 36. f3 Bd5 37. Kf2 Kg8 38. Bd3 Kf7 39. Ke3 Nb6 40. h4 g6
41. Nb7 Nbc8 42. Kf4 g5+ 43. Kg3 gxh4+ 44. Kxh4 1/2-1/2

[Event "OpenB - Caen 2011"]
[Site "?"]
[Date "2011.08.25"]
[Round "8.63"]
[White "Le Marquer, Pierre"]
[Black "Bouthier, Jacques"]
[Result "1-0"]
[WhiteElo "1925"]
[BlackElo "1834"]
[PlyCount "79"]

1. e4 c5 2. Nf3 d6 3. d4 cxd4 4. Nxd4 Nf6 5. Nc3 a6 6. Bc4 e6 7. Bb3 Be7 8. Be3
Nc6 9. Qe2 Bd7 10. Rd1 O-O 11. O-O Qc7 12. f4 b5 13. a3 Na5 14. f5 Nc4 15. Bc1
Rae8 16. a4 d5 17. fxe6 fxe6 18. axb5 axb5 19. Kh1 Qb8 20. Bf4 e5 21. Bg3 Bg4
22. Nf3 Kh8 23. exd5 Nh5 24. Ne4 Nxg3+ 25. Nxg3 Nxb2 26. Rb1 Ba3 27. Ne4 Rf4
28. d6 Qa8 29. Neg5 Nc4 30. Bxc4 bxc4 31. Ra1 h6 32. Qe3 c3 33. Qxc3 Ra4 34.
Nf7+ Kh7 35. N7xe5 Bxf3 36. Nxf3 Bxd6 37. Rxa4 Qxa4 38. Qd3+ Qe4 39. Qxd6 Qxc2
40. Qd1 1-0

[Event "OpenB - Caen 2011"]
[Site "?"]
[Date "2011.08.25"]
[Round "9.71"]
[White "Bouthier, Jacques"]
[Black "François, Jean"]
[Result "1-0"]
[WhiteElo "1925"]
[BlackElo "1828"]
[PlyCount "101"]

1. e4 e5 2. Nf3 Nc6 3. Bc4 d6 4. d4 Bg4 5. c3 exd4 6. cxd4 Bxf3 7. Qxf3 Qf6 8.
Be3 a6 9. Nc3 Qxf3 10. gxf3 Nge7 11. f4 g6 12. O-O-O Bg7 13. h4 h5 14. Kb1 Na5
15. Bd3 O-O-O 16. d5 b5 17. a4 Nc4 18. axb5 axb5 19. Bxc4 bxc4 20. Bd4 f6 21.
Rc1 Kd7 22. Ne2 c6 23. dxc6+ Nxc6 24. Rxc4 Nxd4 25. Nxd4 Rc8 26. Rhc1 Rxc4 27.
Rxc4 Rc8 28. Ra4 Bh6 29. f5 gxf5 30. Nxf5 Bf4 31. Ra7+ Rc7 32. Rxc7+ Kxc7 33.
Ng7 Kd7 34. Nxh5 Be5 35. f4 Bd4 36. Kc2 Ke7 37. Ng7 Kf7 38. Nf5 Bc5 39. h5 Kg8
40. Kc3 Kh7 41. Kc4 Bg1 42. b4 Bh2 43. b5 Bxf4 44. Kd5 Bd2 45. Kxd6 Bf4+ 46.
Kd7 Bb8 47. b6 Kg8 48. Kc8 Bf4 49. b7 Kf7 50. b8=Q Bxb8 51. Kxb8 1-0

[Event "OpenB - Caen 2011"]
[Site "?"]
[Date "2011.08.28"]
[Round "11.59"]
[White "Boileau, Sébastien"]
[Black "Bouthier, Jacques"]
[Result "0-1"]
[WhiteElo "1840"]
[BlackElo "1925"]
[PlyCount "54"]

1. e4 c5 2. Nf3 d6 3. d4 cxd4 4. Nxd4 Nf6 5. Nc3 a6 6. a3 e5 7. Nb3 Be6 8. Be3
Nc6 9. Be2 Be7 10. O-O O-O 11. f4 exf4 12. Bxf4 Ne5 13. Qd4 Qc7 14. Rac1 Rac8
15. Nd5 Bxd5 16. exd5 Nfd7 17. c4 Bf6 18. Qf2 Ng6 19. Rc2 Nxf4 20. Qxf4 Qb6+
21. Nc5 Qxc5+ 22. Kh1 Be5 23. Qh4 Qd4 24. Qh3 Nf6 25. Rd1 Qf4 26. g3 Qe4+ 27.
Kg1 Qxc2 0-1